[Event "European Rapid Championship"]
[Site "Warsaw POL"]
[Date "2010.12.19"]
[Round "12"]
[White "Bologan,V"]
[Black "Strzemiecki,Z"]
[Result "1-0"]
[WhiteElo "2686"]
[BlackElo "2367"]

1.e4 e6 2.d4 d5 3.Nc3 Nc6 4.Nf3 Nf6 5.Bg5 Be7 6.Bxf6 Bxf6 7.Bb5 O-O 8.O-O Nb8
9.Qe2 c6 10.Bd3 b6 11.Rad1 a5 12.Nb1 Ba6 13.Rfe1 Bxd3 14.Rxd3 Nd7 15.Nbd2 c5
16.c4 dxc4 17.Nxc4 b5 18.Nd6 c4 19.Rdd1 Qb6 20.e5 Be7 21.Ne4 Rac8 22.Nfg5 h6
23.Nh3 Qc6 24.Nf4 Nb6 25.Qg4 Nd5 26.Nxd5 exd5 27.Ng3 Rfe8 28.f4 Bf8 29.f5 c3
30.bxc3 Qxc3 31.Nh5 Kh8 32.Nf4 Qc4 33.e6 Bb4 34.Nh5 Bf8 35.e7  1-0

[Event "European Rapid Championship"]
[Site "Warsaw POL"]
[Date "2010.12.19"]
[Round "13"]
[White "Bologan,V"]
[Black "Levin,Ev"]
[Result "1-0"]
[WhiteElo "2686"]
[BlackElo "2483"]

1.e4 e6 2.d4 d5 3.Nc3 Bb4 4.e5 Ne7 5.a3 Bxc3+ 6.bxc3 c5 7.Nf3 Qc7 8.h4 Bd7
9.h5 h6 10.dxc5 Nbc6 11.Bf4 Qa5 12.Qd2 Qxc5 13.Bd3 Na5 14.O-O Nc4 15.Qc1 Qa5
16.Nd2 Nxd2 17.Bxd2 Qc7 18.Re1 Nc6 19.Bf4 Na5 20.Re3 O-O-O 21.Rg3 Rdg8 22.Rb1 Nc4
23.Rb4 Kb8 24.Bxc4 dxc4 25.Be3 Ka8 26.Qd1 Bc6 27.Qd4 Qa5 28.a4 Rd8 29.Qf4 f6
30.Rxg7 fxe5 31.Qg4 Bd5 32.Qg6 Qa6 33.Bxh6 Qc6 34.Rbxb7 Qxb7 35.Rxb7 Bxb7
36.Bg7 Rd1+ 37.Kh2 Rhd8 38.h6 Rf1 39.Qf6  1-0

[Event "Gibraltar Masters"]
[Site "Caleta ENG"]
[Date "2011.01.30"]
[Round "6.9"]
[White "Bologan,V"]
[Black "Rapport,R"]
[Result "1/2-1/2"]
[WhiteElo "2693"]
[BlackElo "2531"]

1.d4 Nf6 2.c4 e6 3.Nc3 c5 4.d5 exd5 5.cxd5 d6 6.Nf3 g6 7.Bf4 Bg7 8.Qa4+ Bd7
9.Qb3 Qc7 10.e4 Nh5 11.Be3 a6 12.e5 b5 13.exd6 Qa5 14.Bd2 b4 15.Nd1 O-O 16.a4 Re8+
17.Ne3 Nf4 18.g3 Nh3 19.Be2 Bb5 20.Kf1 Bxe2+ 21.Kxe2 Qd8 22.Kf1 Nd7 23.Kg2 Ng5
24.Nxg5 Qxg5 25.Rad1 Qh5 26.Bc1 Bd4 27.Nc2 c4 28.Qf3 Qxf3+ 29.Kxf3 Ne5+ 30.Kg2 Bc5
31.Ne3 c3 32.bxc3 bxc3 33.f4 Nd7 34.Rd3 Bb4 35.Kf3 Rac8 36.Nc2 Bxd6 37.Be3 Nc5
38.Bxc5 Rxc5 39.Rb1 Rd8 40.Rb6 Bc7 41.Rxa6 Rdxd5 42.Rxd5 Rxd5 43.Rc6 Ba5
44.Ne3 Rd4 45.Nc4 Bd8 46.Nd6 Be7 47.Rc8+ Bf8 48.Ne4 Rxa4 49.Nxc3 Ra3 50.g4 Kg7
51.Ke4 Ra1 52.Nd5 Re1+ 53.Kf3 h6 54.h4 Be7 55.h5 gxh5 56.gxh5 Re6 57.Ne3 Ba3
58.Nf5+ Kh7 59.Ra8 Bc5 60.Kg4 Rc6 61.Rd8 Re6 62.Rc8 Bd6 63.Rc4 Ba3 64.Nd4 Rb6
65.Rc7 Kg7 66.Nf5+ Kg8 67.Rc3 Bb4 68.Rc8+ Kh7 69.Ne3 Rd6 70.Rc7 Kg8 71.Rc4 Ba3
72.Kf3 Ra6 73.Rc2 Kh7 74.Ra2 Ra7 75.Nd5 Ra5 76.Nf6+ Kg7 77.Ne4 Kf8 78.Ng3 Kg7
79.Kg4 Kh7 80.Nf5 Ra6 81.Nd4 Ra8 82.Nb5 Rg8+ 83.Kf5 Bc1 84.Nd6 Rb8 85.Ra7 Rb4
86.Rxf7+ Kg8 87.Ke5 Ra4 88.Rf5 Ra5+ 89.Ke4 Ra4+ 90.Kf3 Ra3+ 91.Kg4 Ra4 92.Ne8 Bb2
93.Rc5 Bd4 94.Rc8 Kh7 95.Nd6 Be3 96.Rc7+ Kg8 97.Nc4 Bc1 98.Kf5 Kf8 99.Kf6 Ra6+
100.Ke5 Ra4 101.Rc6 Kg7 102.f5 Bg5 103.Rc7+ Kg8 104.Rc6 Kg7 105.Rc7+ Kg8
106.Kd5 Ra1 107.Ne5 Re1 108.Rc6 Bf4 109.Nd3 Rd1 110.Ke4 Bg5 111.Rg6+ Kf8
112.Ne5 Rf1 113.Nf3 Bc1 114.Rg2 Rh1 115.Rg1 Rxg1 116.Nxg1 Kf7 117.Ne2 Bb2
118.Ng1 Kf6 119.Kf4 Bc1+ 120.Kg4 Ke5 121.Ne2 Bd2 122.Ng1 Bc1 123.Nf3+ Kd5
124.Ne1 Be3 125.Nd3 Ke4 126.Nb4 Bg5 127.Na6 Kd5 128.Nc7+ Ke5 129.Ne6 Be7
130.Nf4 Bd6 131.Ng2 Be7 132.Ne3 Kd4 133.Nf1 Bg5 134.Nh2 Ke4 135.Nf3 Bf6 136.Nd2+ Kd3
137.Nb3 Kc4 138.Na5+ Kb5 139.Nb3 Kc4 140.Nc1 Kd4 141.Ne2+ Ke5 142.Nf4 Ke4
143.Ng6 Bg7 144.Ne7 Ke5 145.Nc6+ Kf6 146.Nb8 Ke7 147.Nc6+ Kd7 148.Nb4 Kd6
149.Kf4 Bc3 150.Nc2 Bd2+ 151.Ke4 Ke7 152.Ne3 Kf6 153.Nd5+ Kf7 154.Ke5 Bc1
155.Nb6 Bb2+ 156.Kf4 Bc1+ 157.Ke4 Ke7 158.Nd5+ Kf7 159.Ne3 Kf6 160.Nc4 Ke7
161.Ke5 Bg5 162.Nd6 Bf6+ 163.Kd5 Bb2 164.Ne4 Kf7 165.Kc4 Be5 166.Kd3 Bb2  1/2-1/2

[Event "Gibraltar Masters"]
[Site "Caleta ENG"]
[Date "2011.02.01"]
[Round "8.7"]
[White "Bologan,V"]
[Black "Fier,A"]
[Result "1-0"]
[WhiteElo "2693"]
[BlackElo "2571"]

1.d4 Nf6 2.c4 e6 3.Nc3 Bb4 4.Bg5 b6 5.f3 c5 6.d5 h6 7.Bh4 Ba6 8.e4 exd5 9.cxd5 Bxf1
10.Kxf1 Bxc3 11.bxc3 d6 12.Qa4+ Qd7 13.Qb3 Nh5 14.c4 g5 15.Be1 g4 16.h3 g3
17.Ne2 Rg8 18.Qe3 Rg6 19.f4 Qe7 20.Bxg3 f5 21.Bh4 Nf6 22.Bxf6 Rxf6 23.Ng3 fxe4
24.Nxe4 Kd8 25.Re1 Rf8 26.Qf3 Qc7 27.Qg4 Nd7 28.Qh4+ Kc8 29.Qxh6 Kb7 30.Nxd6+ Ka6
31.Re3  1-0

[Event "IX Gyorgy Marx Mem"]
[Site "Paks HUN"]
[Date "2011.06.17"]
[Round "1"]
[White "Acs,Peter"]
[Black "Bologan,V"]
[Result "0-1"]
[WhiteElo "2606"]
[BlackElo "2678"]

1.e4 c6 2.d4 d5 3.Nc3 dxe4 4.Nxe4 Bf5 5.Ng3 Bg6 6.h4 h6 7.Nf3 Nd7 8.h5 Bh7
9.Bd3 Bxd3 10.Qxd3 e6 11.Bd2 Ngf6 12.O-O-O Be7 13.Ne4 Nxe4 14.Qxe4 Nf6 15.Qe2 Qd5
16.c4 Qe4 17.Qxe4 Nxe4 18.Be3 O-O 19.Ne5 Rfd8 20.Rhe1 Nd6 21.g4 Bf6 22.b3 b5
23.c5 Bxe5 24.dxe5 Ne4 25.Kc2 Rd5 26.f3 Ng5 27.f4 Nf3 28.Rf1 Nh2 29.Rxd5 Nxf1
30.Rd3 Nh2 31.Bg1 Nxg4 32.Rg3 f5 33.Rd3 g5 34.hxg6 Kg7 35.Rd6 Re8 36.Rxc6 h5
37.Rc7+ Kxg6 38.Rxa7 h4 39.Rd7 h3 40.Rd2 Kh5 41.Kc3 Kh4 42.Kb4 Kg3 43.Kxb5 Kxf4
44.c6 Rc8 45.Kb6 Nxe5 46.c7 Nf3 47.Rd1 Nxg1 48.Rxg1 h2 49.Rc1 Rg8 50.a4 e5
51.a5 Rg1 52.c8=Q h1=Q 53.Qc4+ e4 54.Qc7+ Kf3 55.Qc3+ Kf4 56.Qd2+ Kf3 57.Rc3+ Kg4
58.Qe2+ Kg5 59.Rc8 Qh6+ 60.Rc6 Qh3 61.b4 Rg2 62.Qc4 Qh8 63.Qc1+ f4 64.Rc5+ Kg4
65.Qd1+ f3 66.Qd7+ Kg3 67.Qd6+ Kh3 68.Qe6+ Rg4 69.Rc8 Qd4+ 70.Kb5 f2 71.Qh6+ Kg2
72.Rc1 Qd3+ 73.Ka4 f1=Q  0-1

[Event "IX Gyorgy Marx Mem"]
[Site "Paks HUN"]
[Date "2011.06.18"]
[Round "2"]
[White "Salgado Lopez,I"]
[Black "Bologan,V"]
[Result "0-1"]
[WhiteElo "2623"]
[BlackElo "2678"]

1.e4 c6 2.d4 d5 3.e5 Bf5 4.Nf3 e6 5.Be2 Ne7 6.Nbd2 c5 7.dxc5 Nec6 8.Nb3 Bxc5
9.Nxc5 Qa5+ 10.c3 Qxc5 11.Nh4 Be4 12.f3 Bg6 13.Qb3 Nd7 14.Qxb7 Rb8 15.Qc7 Ndxe5
16.Nxg6 hxg6 17.f4 Nd7 18.Rb1 Ke7 19.b4 Qxc3+ 20.Bd2 Qc2 21.Rc1 Qxc1+ 22.Bxc1 Rhc8
23.Qxc8 Rxc8 24.Bd2 Nf6 25.Bd3 Ne4 26.Bxe4 dxe4 27.Bc3 e5 28.b5 Nd4 29.Kd2 Rc4
30.fxe5 Nxb5 31.Bb2 Ke6 32.Re1 Ra4 33.Ra1 Nd4 34.h4 Nc6  0-1

[Event "IX Gyorgy Marx Mem"]
[Site "Paks HUN"]
[Date "2011.06.23"]
[Round "6"]
[White "Bologan,V"]
[Black "Acs,Peter"]
[Result "1/2-1/2"]
[WhiteElo "2678"]
[BlackElo "2606"]

1.e4 e5 2.Nf3 Nc6 3.Bc4 Bc5 4.O-O Nf6 5.d3 d6 6.c3 O-O 7.h3 a6 8.Bb3 Ba7
9.Re1 h6 10.Nbd2 Re8 11.Nf1 Be6 12.Ng3 Bxb3 13.Qxb3 Qd7 14.Qc2 d5 15.b4 Qe6
16.a3 Rad8 17.c4 dxe4 18.dxe4 Nd4 19.Nxd4 Bxd4 20.Rb1 h5 21.c5 g6 22.Ne2 b6
23.Bg5 Qc6 24.Nxd4 Rxd4 25.f3 b5 26.a4 Qe6 27.axb5 axb5 28.Be3 Rc4 29.Qd2 Nd7
30.Ra1 Nb8 31.Reb1 Nc6 32.Ra6 Rd8 33.Qe1 Rd3 34.Rd1 Rb3 35.Qg3 Rxe3 36.Rxc6 Qxc6
37.Qxe5 Qa8 38.Qf6 Re2 39.Rd8+ Qxd8 40.Qxd8+ Kg7 41.Qxc7 Rxb4 42.Qe5+ Kg8
43.c6 Rc2 44.Kh2 Rbc4 45.Qxb5 Rxc6 46.Kg3 R6c5 47.Qe8+ Kg7 48.Qd8 Rc8 49.Qd4+ Kg8
50.h4 Re2 51.e5 Rcc2 52.Qd8+ Kh7 53.Qe7  1/2-1/2

[Event "IX Gyorgy Marx Mem"]
[Site "Paks HUN"]
[Date "2011.06.24"]
[Round "7"]
[White "Bologan,V"]
[Black "Salgado Lopez,I"]
[Result "0-1"]
[WhiteElo "2678"]
[BlackElo "2623"]

1.e4 e6 2.Qe2 e5 3.Nf3 Nc6 4.g3 Nf6 5.Bg2 Bc5 6.c3 d6 7.O-O O-O 8.d3 Re8
9.b4 Bb6 10.Nbd2 a6 11.Bb2 Bd7 12.Kh1 Ba7 13.Nb3 Ne7 14.c4 Ng6 15.a4 c6 16.Qc2 d5
17.Rae1 d4 18.c5 b6 19.Nfd2 a5 20.bxa5 bxc5 21.Ba3 Be6 22.Bxc5 Bxc5 23.Qxc5 Nd7
24.Qxc6 Ne7 25.Qd6 Qb8 26.Qa3 Nc6 27.Rb1 Qa7 28.f4 Nxa5 29.Nxa5 Qxa5 30.Rb4 Reb8
31.Rxb8+ Rxb8 32.f5 Bd5 33.exd5 Qxd2 34.Qd6 Rb7 35.Qa6 Rb2 36.Qa8+ Rb8 37.Qc6 Nf6
38.Qc7 Rf8 39.Qxe5 Ng4 40.Qf4 Ne3 41.Rg1 h6 42.d6 Qxd3 43.Bc6 Qc2 44.Bb5 Qc5
45.Qe4 Qxd6 46.g4 Rc8 47.Bd3 Rc3 48.h4 Rxd3 49.Qxd3 Qd5+ 50.Kh2 Qf3 51.Qd2 Nxg4+
52.Rxg4 Qxg4 53.Qf2 d3 54.a5 Qb4 55.f6 Qd6+  0-1

[Event "FIDE World Cup 2011"]
[Site "Khanty-Mansiysk RUS"]
[Date "2011.08.29"]
[Round "1.2"]
[White "Bologan,V"]
[Black "Socko,B"]
[Result "1/2-1/2"]
[WhiteElo "2678"]
[BlackElo "2631"]

1.e4 e6 2.d4 d5 3.exd5 exd5 4.Nf3 Bd6 5.c4 Nf6 6.Nc3 O-O 7.cxd5 Nbd7 8.Be2 h6
9.O-O Nb6 10.Ne5 Nfxd5 11.Nxd5 Nxd5 12.Bc4 Nb6 13.Bb3 Qf6 14.Re1 Be6 15.Bc2 Bf5
16.Ng4 Bxg4 17.Qxg4 Rfe8 18.Bd2 Bf8 19.Re4 c6 20.h4 Nd5 21.Rae1 Red8 22.Re5 Qd6
23.Qg3 Nf6 24.Bxh6 Qxd4 25.Bg5 Rd6 26.R5e2 Qc5 27.Bf4 Nh5 28.Bxd6 Nxg3 29.Bxc5 Nxe2+
30.Rxe2 Bxc5 31.Rd2 Re8 32.Kf1 Bb4 33.Rd1 g6 34.a3 Ba5 35.b4 Bb6 36.Rd7 Rd8
37.Rxd8+ Bxd8 38.g3 Bf6  1/2-1/2

[Event "20th TCh-CRO 1a"]
[Site "Sibenik CRO"]
[Date "2011.10.04"]
[Round "1.3"]
[White "Grachev,B"]
[Black "Bologan,V"]
[Result "1/2-1/2"]
[WhiteElo "2682"]
[BlackElo "2656"]

1.Nf3 c5 2.c4 Nc6 3.Nc3 g6 4.g3 Bg7 5.Bg2 e6 6.d3 Nge7 7.Bg5 h6 8.Bd2 b6
9.a3 Bb7 10.O-O O-O 11.Rb1 d6 12.b4 Qd7 13.Nb5 a6 14.Nc3 Nd4 15.e3 Nxf3+
16.Bxf3 Bxf3 17.Qxf3 d5 18.cxd5 Nxd5 19.Nxd5 exd5 20.bxc5 bxc5 21.Rfc1 Rfc8
22.Bc3 d4 23.Rb7 Qe6 24.exd4 cxd4 25.Re1 Qf6 26.Qxf6 Bxf6 27.Bd2 h5  1/2-1/2

[Event "20th TCh-CRO 1a"]
[Site "Sibenik CRO"]
[Date "2011.10.05"]
[Round "2.3"]
[White "Bologan,V"]
[Black "Antoniewski,R"]
[Result "1/2-1/2"]
[WhiteElo "2656"]
[BlackElo "2585"]

1.e4 c6 2.d4 d5 3.e5 Bf5 4.Nf3 e6 5.Be2 Nd7 6.O-O Bg6 7.Nbd2 Rc8 8.a4 Nh6
9.a5 Be7 10.Nb3 Nf5 11.g4 Nh4 12.Nxh4 Bxh4 13.f4 f5 14.Bd3 O-O 15.Be3 Be7
16.c4 Qe8 17.Rc1 fxg4 18.cxd5 Bxd3 19.Qxd3 exd5 20.Rc2 Qh5 21.f5 Kh8 22.Nc1 c5
23.Ne2 c4 24.Qd1 Bg5 25.Bxg5 Qxg5 26.Ng3 Nb8 27.Rcf2 c3 28.bxc3 Rxc3 29.Ne2 Rf3
30.Rxf3 gxf3+ 31.Ng3 Qe3+ 32.Kh1 f2 33.Kg2 Nc6 34.Rxf2 Qxd4 35.Qxd4 Nxd4
36.e6 Kg8 37.Rb2 b6  1/2-1/2

[Event "20th TCh-CRO 1a"]
[Site "Sibenik CRO"]
[Date "2011.10.06"]
[Round "3.4"]
[White "Martinovic,Sa"]
[Black "Bologan,V"]
[Result "0-1"]
[WhiteElo "2513"]
[BlackElo "2656"]

1.d4 Nf6 2.c4 e6 3.Nc3 Bb4 4.Bg5 h6 5.Bh4 b6 6.f3 c5 7.d5 O-O 8.e4 Re8 9.Ne2 exd5
10.cxd5 d6 11.Bf2 b5 12.a3 Ba5 13.Ng3 Bxc3+ 14.bxc3 Qa5 15.Qd2 Nxd5 16.c4 Qxd2+
17.Kxd2 Nb6 18.cxb5 a6 19.Be2 axb5 20.Bxb5 Bd7 21.Bxd7 N8xd7 22.Rhd1 g6 23.Nf1 Nc4+
24.Ke2 f5 25.Ne3 Ndb6 26.Nxc4 Nxc4 27.Bg3 Re6 28.Rac1 Ra4 29.Kf2 Kf7 30.Rd5 fxe4
31.fxe4 Rxe4 32.Rc3 Ke7 33.Rcd3 Re6 34.h4 Rxa3 35.Bxd6+ Rxd6  0-1

[Event "20th TCh-CRO 1a"]
[Site "Sibenik CRO"]
[Date "2011.10.07"]
[Round "4.2"]
[White "Bologan,V"]
[Black "Erdos,V"]
[Result "1/2-1/2"]
[WhiteElo "2656"]
[BlackElo "2608"]

1.e4 e5 2.Nf3 Nc6 3.Bb5 Nf6 4.O-O Nxe4 5.d4 Be7 6.dxe5 O-O 7.Qe2 d5 8.Rd1 a6
9.Bxc6 bxc6 10.Nd4 Qe8 11.f3 Nc5 12.Nc3 Ne6 13.Nxe6 fxe6 14.b3 Rf5 15.Na4 Qh5
16.Re1 Bh4 17.g3 Qg6 18.Qg2 Be7 19.f4 Qe8 20.Be3 Qf8 21.c4 Bb7 22.cxd5 cxd5
23.Rac1 Qb8 24.Bc5 d4 25.Qd2 Qd8 26.Qxd4 Bxc5 27.Qxc5 Qd2 28.Qf2 Qd5 29.Kf1 Raf8
30.Rc5 Qd3+ 31.Kg1 g5 32.Rxc7 Qd5 33.Rxb7 Qxb7 34.Nc5 Qd5 35.Ne4 gxf4 36.Nf6+ R8xf6
37.exf6 fxg3 38.Qg2 Kf7 39.Qxd5 gxh2+ 40.Kxh2 Rxd5 41.Re4 Kxf6 42.Ra4 a5
43.b4 axb4 44.Rxb4 Rd2+ 45.Kg3 Rxa2 46.Rf4+ Kg6 47.Rg4+ Kf7 48.Rf4+ Ke8 49.Rf6 Ra3+
50.Kg2 Ke7 51.Rh6 Kd6 52.Rxh7 Kd5 53.Kf2 e5 54.Rh4 e4 55.Rh8 Kd4  1/2-1/2

[Event "20th TCh-CRO 1a"]
[Site "Sibenik CRO"]
[Date "2011.10.09"]
[Round "6.1"]
[White "Fedorchuk,S"]
[Black "Bologan,V"]
[Result "1-0"]
[WhiteElo "2635"]
[BlackElo "2656"]

1.e4 c5 2.Nf3 d6 3.d4 cxd4 4.Nxd4 Nf6 5.Nc3 a6 6.f4 e5 7.Nf3 Nbd7 8.a4 Qc7
9.Bd3 Be7 10.O-O O-O 11.Kh1 Nc5 12.Qe1 exf4 13.Bxf4 Be6 14.Nd4 Qd7 15.Bg5 Kh8
16.Nf5 Ng8 17.Qg3 Bxg5 18.Qxg5 f6 19.Qg3 Rad8 20.Rf4 Rfe8 21.h3 Bxf5 22.Rxf5 Ne7
23.Rff1 Qe6 24.b4 Nd7 25.a5 Ne5 26.b5 Qc8 27.Ne2 d5 28.bxa6 bxa6 29.Nf4 dxe4
30.Bxe4 Rd4 31.Rfe1 Red8 32.Rab1 Nf5 33.Bxf5 Qxf5 34.Rf1 Qc8 35.Rb6 Qc4 36.Rf2 Rg8
37.Kh2 Nd7 38.c3 Re4 39.Rb4 Qc6 40.Ng6+  1-0

[Event "20th TCh-CRO 1a"]
[Site "Sibenik CRO"]
[Date "2011.10.10"]
[Round "7.5"]
[White "Bologan,V"]
[Black "Naiditsch,A"]
[Result "1-0"]
[WhiteElo "2656"]
[BlackElo "2707"]

1.e4 e5 2.Nf3 Nc6 3.Bb5 Nf6 4.O-O Nxe4 5.d4 Nd6 6.Bxc6 dxc6 7.dxe5 Nf5 8.Qxd8+ Kxd8
9.Nc3 h6 10.h3 Bd7 11.b3 c5 12.Rd1 Kc8 13.Nd5 a5 14.a4 Ne7 15.c4 Bf5 16.Ra2 Ra6
17.Ne3 Be4 18.Nd2 Bh7 19.f4 Nc6 20.g4 Nb4 21.Ra1 h5 22.f5 hxg4 23.hxg4 f6
24.exf6 Rxf6 25.Ne4 Rh6 26.Bb2 Rh3 27.Kf2 Bg8 28.f6 Rh2+ 29.Ng2 R8h3 30.Be5 Bh7
31.Bxh2 Bxe4 32.Bg3 gxf6 33.Nf4 Rh8 34.Re1 Bc6 35.Rad1 Nc2  1-0

[Event "20th TCh-CRO 1a"]
[Site "Sibenik CRO"]
[Date "2011.10.11"]
[Round "8.2"]
[White "Ramesa,D"]
[Black "Bologan,V"]
[Result "0-1"]
[WhiteElo "2314"]
[BlackElo "2656"]

1.Nf3 c5 2.c4 Nc6 3.Nc3 g6 4.e3 Bg7 5.d4 d6 6.h3 Nf6 7.d5 Na5 8.Bd3 O-O 9.e4 e5
10.g4 a6 11.Qe2 b5 12.b3 h5 13.Nh2 hxg4 14.hxg4 Nh7 15.Nf1 Ng5 16.Ng3 Qf6
17.Nf5 Rd8 18.Qe3 b4 19.Ne2 gxf5 20.gxf5 Bxf5 21.Qxg5 Qxg5 22.Bxg5 f6 23.exf5 fxg5
24.O-O-O Kf7 25.Ng3 Rh8 26.Ne4 Ke7 27.Kc2 Bf6 28.Rdg1 Nb7 29.Rxh8 Rxh8 30.Nxg5 Bxg5
31.Rxg5 Nd8 32.Rg7+ Nf7 33.f6+ Kxf6 34.Rg6+ Ke7 35.Re6+ Kd7 36.Rf6 Ng5 37.Rg6 Nf3
38.Rg7+ Kd8 39.Rg6 Kc7 40.Rg7+ Kb8 41.Rg6 Rh2 42.Rxd6 Rxf2+ 43.Kc1 Rxa2 44.Bf5 Nd4
45.Rd8+ Kc7 46.Rd7+ Kc8 47.Be6 e4 48.Rd6+ Kc7 49.Rd7+ Kb6 50.Rd6+ Ka5 51.Bc8 Nxb3+
52.Kb1 Nd2+ 53.Kc1 b3 54.Rxa6+ Kb4 55.Rxa2 bxa2 56.Kb2 Nxc4+ 57.Kxa2 e3 58.Bg4 Kc3
59.Bh5 Nd6 60.Ka3 c4  0-1

[Event "TCh-ESP CECLUB Div Honor 2011"]
[Site "Melilla ESP"]
[Date "2011.11.21"]
[Round "1"]
[White "Kuzubov,Y"]
[Black "Bologan,V"]
[Result "1/2-1/2"]
[WhiteElo "2621"]
[BlackElo "2665"]

1.e4 c5 2.Nf3 e6 3.d4 cxd4 4.Nxd4 a6 5.Nc3 d6 6.Be2 b5 7.f4 Bb7 8.Bf3 Ne7
9.O-O Nec6 10.Be3 Be7 11.f5 Nxd4 12.Qxd4 Bf6 13.Qd2 Nc6 14.fxe6 fxe6 15.Bh5+ Ke7
16.Rad1 Ne5 17.Bd4 Rf8 18.Qe3 Nc4 19.Bxf6+ Rxf6 20.Qg5 Qf8 21.b3 Ne5 22.Qd2 Rd8
23.Qd4 Rd7 24.a4 Bc6 25.axb5 axb5 26.Be2 Qb8 27.Rxf6 gxf6 28.Ra1 b4 29.Nd1 d5
30.exd5 Rxd5 31.Qe3 Qg8 32.Bf1 Qg6 33.Qf4 Rd4 34.Qf2 Nf3+ 35.Kh1 Qh5 36.Qg3 Nxh2
37.Ra7+ Bd7 38.Qg7+ Qf7 39.Qxf7+ Kxf7 40.Kxh2 Rxd1 41.Bd3 Ke7 42.Rb7 f5 43.Rxb4 Rd2
44.Rh4 Bc6 45.Rxh7+ Kf6 46.Rh6+ Ke5 47.Rg6 Be4 48.Bxe4 fxe4 49.Kg3 Rxc2 50.b4 Rb2
51.b5 Kd5 52.Kf4 e5+ 53.Ke3 Rxb5 54.Ra6 Rb3+ 55.Ke2 Rd3 56.g4 Rg3 57.Ra5+ Ke6
58.Ra6+ Kf7 59.g5 Rxg5 60.Ke3 Rg4 61.Rb6 Ke7  1/2-1/2

[Event "TCh-ESP CECLUB Div Honor 2011"]
[Site "Melilla ESP"]
[Date "2011.11.22"]
[Round "2"]
[White "Bologan,V"]
[Black "Ganguly,S"]
[Result "1/2-1/2"]
[WhiteElo "2665"]
[BlackElo "2625"]

1.e4 e5 2.Nf3 Nc6 3.Bb5 a6 4.Ba4 Nf6 5.O-O b5 6.Bb3 Bc5 7.c3 d6 8.d4 Bb6
9.Be3 O-O 10.Nbd2 h6 11.h3 Re8 12.Re1 Bd7 13.Bc2 Qb8 14.Nf1 exd4 15.cxd4 Nb4
16.Ng3 Nxc2 17.Qxc2 Qb7 18.d5 c6 19.dxc6 Bxc6 20.Bxb6 Qxb6 21.Rad1 Qb7 22.Rd4 Re6
23.Re3 Rae8 24.Nd2 Qb6 25.Qc3 Qc5 26.Nf5 Qxc3 27.Rxc3 Bxe4 28.Nxd6 R8e7 29.Rc8+ Kh7
30.N2xe4 Nxe4 31.Nf5 Re8 32.Rc7 Rf6 33.Re7 Rxe7 34.Nxe7 Re6 35.Nf5 Nc5 36.Kf1 g6
37.Ne3 Kg7 38.Ke2 Na4 39.Rd2 Rc6 40.f4 Rc1 41.Nd5 Rc5 42.Nb4 a5 43.Nd3 Rc4
44.Ke3 Nc5 45.Ne5 Rc1 46.Rd5 Rc2 47.g4 b4 48.f5 gxf5 49.gxf5 f6 50.Nc6 Na4
51.Rxa5 Nxb2 52.Ra7+ Kf8 53.Nxb4 Rc3+ 54.Kd2 Rxh3 55.Rc7 Rf3 56.Rc5 h5 57.Ke2 Rf4
58.Rb5 Nc4 59.Nd3 Re4+ 60.Kf2 Rd4 61.Nc5 Rd2+ 62.Ke1 Rxa2 63.Rb7 Nd6 64.Ne6+ Kg8
65.Rg7+ Kh8 66.Rg6 Ne4 67.Nf4 h4 68.Rh6+ Kg7 69.Rxh4 Ra1+ 70.Ke2 Ng3+ 71.Kf2 Nxf5
72.Rh5 Ra2+ 73.Kf3 Ra3+ 74.Kf2 Nd4 75.Rh3 Ra4 76.Rd3 Kf7 77.Ne2 Nc6 78.Rd6 Ne5
79.Rd4 Ra2 80.Ke3 Ke6 81.Rd8 Ra3+ 82.Kf2 Ng4+ 83.Kg2 f5 84.Re8+ Kf6 85.Nf4 Ne3+
86.Rxe3 Rxe3 87.Nd5+ Ke5  1/2-1/2

[Event "TCh-ESP CECLUB Div Honor 2011"]
[Site "Melilla ESP"]
[Date "2011.11.24"]
[Round "5"]
[White "Mchedlishvili,M"]
[Black "Bologan,V"]
[Result "1/2-1/2"]
[WhiteElo "2636"]
[BlackElo "2665"]

1.d4 Nf6 2.c4 c5 3.Nf3 cxd4 4.Nxd4 e5 5.Nb5 d5 6.cxd5 Bc5 7.e3 O-O 8.N5c3 e4
9.Be2 Qe7 10.a3 Rd8 11.b4 Bd6 12.Bb2 a5 13.Nd2 axb4 14.axb4 Rxa1 15.Qxa1 Bxb4
16.O-O Na6 17.Nc4 Bg4 18.Bxg4 Nxg4 19.h3 Nf6 20.Rd1 Bxc3 21.Bxc3 Rxd5 22.Rxd5 Nxd5
23.Bxg7 f6 24.Bh6 Qc5 25.Qa4 Qc6 26.Qxc6 bxc6 27.Nd6 Nc5 28.f3 Nc3 29.Kf2 Nd3+
30.Kg3 Ne2+ 31.Kh2 exf3 32.gxf3 Ne1 33.f4 Nc3 34.Kg3 Nb5 35.Nc4 f5 36.Ne5 c5
37.Kf2 Nc2 38.Ke2 Nb4 39.Bg5 Nc3+ 40.Ke1 Nbd5 41.Kd2 Ne4+ 42.Ke2 Nd6 43.Kd3 Kg7
44.Bh4 Kh6 45.Be1 Nf6 46.Bh4 Nd5 47.Be1 Nb6 48.Ba5 Nd5 49.Be1  1/2-1/2

[Event "European Blitz 2011"]
[Site "Warsaw POL"]
[Date "2011.12.16"]
[Round "5"]
[White "Bologan,V"]
[Black "Korobov,A"]
[Result "1/2-1/2"]
[WhiteElo "2665"]
[BlackElo "2660"]

1.e4 e6 2.d3 d5 3.Qe2 Nf6 4.Nf3 c5 5.g3 Nc6 6.Bg2 Be7 7.O-O O-O 8.e5 Nd7
9.c4 b5 10.cxb5 Na5 11.h4 a6 12.bxa6 Bxa6 13.Bg5 c4 14.Bxe7 Qxe7 15.Qd2 Nc6
16.d4 c3 17.Nxc3 Bxf1 18.Bxf1 Rfb8 19.Rc1 Qb4 20.Rc2 Nb6 21.Bb5 Nc4 22.Bxc4 dxc4
23.a3 Qb3 24.Kg2 Rd8 25.Ne2 Rab8 26.Qc1 Ne7 27.h5 h6 28.Nf4 Nd5 29.Nxd5 Rxd5
30.Rxc4 Qxb2 31.Rc8+ Kh7 32.Qxb2 Rxb2 33.Rc7 Kg8 34.Rc8+ Kh7 35.Rc7 Kg8 36.Rc8+  1/2-1/2

[Event "European Blitz 2011"]
[Site "Warsaw POL"]
[Date "2011.12.16"]
[Round "9"]
[White "Socko,B"]
[Black "Bologan,V"]
[Result "1-0"]
[WhiteElo "2635"]
[BlackElo "2665"]

1.e4 c6 2.d4 d5 3.e5 Bf5 4.Nf3 e6 5.Be2 Ne7 6.O-O h6 7.b3 c5 8.c4 Nbc6 9.Nc3 dxc4
10.dxc5 Ng6 11.Bxc4 Bxc5 12.Qe2 Bg4 13.Rd1 Qe7 14.Bb5 O-O 15.Bxc6 bxc6 16.Bb2 Nh4
17.Ne4 Bxf3 18.gxf3 Rad8 19.f4 Kh8 20.Rac1 Bb6 21.Nd6 f5 22.exf6 gxf6 23.Ne4 Kh7
24.Rxd8 Bxd8 25.Rxc6 Qd7 26.Rxe6 Qd5 27.Rd6 Qf5 28.Ng3 Qb1+ 29.Rd1 Qxa2 30.Qe4+ Ng6
31.Rd7+  1-0

[Event "European Blitz 2011"]
[Site "Warsaw POL"]
[Date "2011.12.16"]
[Round "10"]
[White "Ruck,R1"]
[Black "Bologan,V"]
[Result "0-1"]
[WhiteElo "2579"]
[BlackElo "2665"]

1.Nf3 c5 2.c4 Nc6 3.Nc3 g6 4.e3 Nf6 5.d4 cxd4 6.exd4 d5 7.cxd5 Nxd5 8.Qb3 Nxc3
9.Bc4 Nd5 10.Bxd5 e6 11.Bxc6+ bxc6 12.O-O Qd5 13.Bf4 f6 14.Rfc1 g5 15.Bg3 h5
16.h4 gxh4 17.Qxd5 cxd5 18.Bxh4 Be7 19.Rc7 Bd8 20.Rc3 Rg8 21.Rac1 Bd7 22.Rd1 Rg4
23.g3 a5 24.Nh2 Re4 25.Rc2 Rc8 26.Rcd2 Rc4 27.Kg2 Kf7 28.f3 Rxh4 29.gxh4 Bc7
30.b3 Rc6 31.Nf1 Bf4 32.Re2 Rc3 33.Ng3 Bb5 34.Rb2 Kg6 35.Ne2 Kf5  0-1

[Event "European Rapid 2011"]
[Site "Warsaw POL"]
[Date "2011.12.17"]
[Round "1"]
[White "Bologan,V"]
[Black "Adamczewski,J"]
[Result "1-0"]
[WhiteElo "2665"]
[BlackElo "1820"]

1.e4 c5 2.Nf3 Nc6 3.Bb5 e6 4.Bxc6 dxc6 5.O-O g6 6.d3 Bg7 7.e5 Ne7 8.Nbd2 Qc7
9.Re1 O-O 10.Ne4 Bxe5 11.Nxe5 Qxe5 12.Bg5 Nd5 13.c4 f6 14.Nxf6+ Qxf6 15.Bxf6 Nxf6
16.Qe2 Bd7 17.Qe5 Rae8 18.Qxc5 a6 19.f3 Nh5 20.Re4 Ng7 21.Rae1 Rf5 22.Qb6 Bc8
23.d4 Ref8 24.Re5 Rf4 25.R1e4 R4f7 26.d5 cxd5 27.cxd5 exd5 28.Rxd5 Bd7 29.Red4 Bc6
30.Rd8 Nf5 31.Rxf8+ Rxf8 32.Rd8 Ne7 33.Qb3+ Kg7 34.Qc3+ Kg8 35.Rxf8+ Kxf8
36.Qh8+ Kf7 37.Qxh7+ Ke6 38.h4  1-0

[Event "European Rapid 2011"]
[Site "Warsaw POL"]
[Date "2011.12.17"]
[Round "2"]
[White "Zielinski,S"]
[Black "Bologan,V"]
[Result "0-1"]
[WhiteElo "2135"]
[BlackElo "2665"]

1.e4 c5 2.Nf3 e6 3.d4 cxd4 4.Nxd4 a6 5.c4 Nf6 6.Nc3 Bb4 7.Bd3 Nc6 8.Ne2 O-O
9.O-O b6 10.Bg5 h6 11.Bh4 Be7 12.Rc1 Bb7 13.Kh1 Rc8 14.f4 Ng4 15.Bxe7 Qxe7
16.Qe1 Nb4 17.Bb1 Ne3 18.Rf3 Nxc4 19.a3 Nc6 20.Rh3 Nd6 21.Rd1 Nd8 22.Rhd3 Nc4
23.Rxd7 Qc5 24.b4 Qh5 25.R1d3 e5 26.f5 Bc6 27.Rh3 Qg5 28.Rdd3 Rc7 29.Ba2  0-1

[Event "European Rapid 2011"]
[Site "Warsaw POL"]
[Date "2011.12.17"]
[Round "3"]
[White "Bologan,V"]
[Black "Bednarek,S"]
[Result "1-0"]
[WhiteElo "2665"]
[BlackElo "2320"]

1.e4 e5 2.Bc4 f5 3.d4 exd4 4.e5 d5 5.Bb3 c5 6.c3 Nc6 7.Nf3 d3 8.c4 Be6 9.cxd5 Bxd5
10.Qxd3 Bxb3 11.Qxb3 Qb6 12.Qe6+ Nge7 13.O-O Nd8 14.Qxb6 axb6 15.Na3 Rxa3
16.bxa3 Ne6 17.Rd1 Nc8 18.Rb1 Be7 19.a4 g5 20.a5 g4  1-0

[Event "European Rapid 2011"]
[Site "Warsaw POL"]
[Date "2011.12.17"]
[Round "4"]
[White "Podolchenko,E"]
[Black "Bologan,V"]
[Result "1/2-1/2"]
[WhiteElo "2484"]
[BlackElo "2665"]

1.Nf3 c5 2.c4 Nc6 3.e3 Nf6 4.b3 g6 5.Bb2 Bg7 6.Be2 O-O 7.O-O b6 8.d3 Bb7
9.Nbd2 d5 10.cxd5 Qxd5 11.a3 Rfd8 12.Qc2 Rac8 13.Rac1 Ne8 14.Rfd1 e5 15.Bf1 h6
16.Qb1 Ba6 17.Nc4 Nc7 18.Qa1 Bxc4 19.bxc4 Qe6 20.Bc3 Ne8 21.Qb2 e4 22.Bxg7 Nxg7
23.dxe4 Qxe4 24.Qf6 Ne8 25.Qc3 Rxd1 26.Rxd1 Rd8 27.Rxd8 Nxd8 28.Bd3 Qe7 29.e4 Nc6
30.e5 Nc7 31.Be4 Nd4 32.Qe3 Nxf3+ 33.Bxf3 Qg5 34.Qe1 Qf5 35.Bd5 Kf8 36.g3 Qd3
37.Qe4 Qxa3 38.Qf4 Nxd5 39.cxd5 Qa1+ 40.Kg2 Qd4 41.Qxh6+ Kg8 42.d6 Qxe5 43.Qd2 Qe4+
44.f3 Qe8 45.d7 Qd8 46.Qd6 c4 47.Qc6 Kf8 48.Qd6+ Kg8 49.Kf2 a5 50.h4 a4 51.h5 gxh5
52.f4 a3 53.Qc6 Kf8  1/2-1/2

[Event "European Rapid 2011"]
[Site "Warsaw POL"]
[Date "2011.12.17"]
[Round "5"]
[White "Bologan,V"]
[Black "Hansen,MadsS"]
[Result "1-0"]
[WhiteElo "2665"]
[BlackElo "2377"]

1.e4 Nf6 2.e5 Nd5 3.d4 d6 4.Nf3 Bg4 5.Be2 c6 6.c4 Bxf3 7.Bxf3 Nb6 8.e6 fxe6
9.Qe2 g6 10.Qxe6 Bg7 11.c5 dxc5 12.dxc5 N6d7 13.O-O Na6 14.Rd1 Naxc5 15.Qc4 Qb6
16.Be2 O-O-O 17.Qc2 Ne6 18.Bg4 Nd4 19.Qe4 e5 20.Bg5 Rde8 21.Nd2 Qc7 22.b4 Kb8
23.a4 h6 24.Qxg6 Rhg8 25.Be3 Bh8 26.Qf7 Nf6 27.Qxc7+ Kxc7 28.Bxd4 Rxg4 29.Bxa7 Rxb4
30.Bc5 Rg4 31.f3 Rgg8 32.Nc4 Nd5 33.Bd6+ Kc8 34.Rxd5 cxd5 35.Nb6+ Kd8 36.Rc1  1-0